Catálogo

EL GOBIERNO Y LA INFLACION (Registro nro. 9257)

Detalles MARC
000 -LEADER
fixed length control field 00378nam a2200157 a 4500
001 - CONTROL NUMBER
control field 9257
005 - DATE AND TIME OF LATEST TRANSACTION
control field 20180713193235.0
008 - FIXED-LENGTH DATA ELEMENTS--GENERAL INFORMATION
fixed length control field 140415s1990 000 0 spa d
041 ## - LANGUAGE CODE
Language code of text/sound track or separate title spa
082 ## - DEWEY DECIMAL CLASSIFICATION NUMBER
Classification number 332.41
Item number PAZ
100 1# - MAIN ENTRY--PERSONAL NAME
Personal name PAZOS, LUIS
245 13 - TITLE STATEMENT
Title EL GOBIERNO Y LA INFLACION
260 ## - PUBLICATION, DISTRIBUTION, ETC.
Place of publication, distribution, etc. [s.l.] :
Name of publisher, distributor, etc. DIANA,
Date of publication, distribution, etc. 1990
300 ## - PHYSICAL DESCRIPTION
Extent 147
650 14 - SUBJECT ADDED ENTRY--TOPICAL TERM
Topical term or geographic name entry element INFLACION
Existencias
Withdrawn status Lost status Source of classification or shelving scheme Damaged status Not for loan Collection code Home library Current library Shelving location Date acquired Source of acquisition Inventory number Total Checkouts Total Renewals Full call number Barcode Date last seen Date last checked out Price effective from Koha item type
    Dewey Decimal Classification     General Biblioteca Karol Wojtyla Biblioteca Karol Wojtyla Sala general 03/12/2013 Compra 151000000000000000049306 1 1 332.41 PAZ 37729 05/01/2026 03/11/2022 03/12/2013 Libro
    Dewey Decimal Classification     General Biblioteca Karol Wojtyla Biblioteca Karol Wojtyla Sala general 03/12/2013 Compra 151000000000000000049296 2   332.41 PAZ 23411 05/01/2026 16/08/2024 03/12/2013 Libro